<Der> Einfluss der Veränderungen der nationalen Wettbewerbsfähigkeit auf den Zufluss von direkten Auslandsinvestitionen in den Staaten der V4 Gruppe diplomová práca
Guardado en:
| Autor principal: | |
|---|---|
| Autor Corporativo: | |
| Otros Autores: | |
| Formato: | Libro |
| Lenguaje: | alemán |
| Publicado: |
Bratislava
2014
|
| Etiquetas: |
Sin Etiquetas, Sea el primero en etiquetar este registro!
|
MARC
| LEADER | 00000nbm a2200000 4500 | ||
|---|---|---|---|
| 001 | 0199589 | ||
| 005 | 20170523101656.1 | ||
| 041 | 0 | |a ger | |
| 044 | |a SK | ||
| 245 | 1 | 0 | |a <Der> Einfluss der Veränderungen der nationalen Wettbewerbsfähigkeit auf den Zufluss von direkten Auslandsinvestitionen in den Staaten der V4 Gruppe |b diplomová práca |c Zuzana Fajnorová ; školiteľ: Tomáš Dudáš |
| 264 | 1 | |a Bratislava |c 2014 | |
| 300 | |a 57 s. | ||
| 100 | 1 | |a Fajnorová, Zuzana | |
| 700 | 1 | |a Dudáš, Tomáš, 1976- | |
| 710 | 2 | |a Ekonomická univerzita v Bratislave. Ústav medzinárodných programov | |